[Event "BCF-chT4 0708 (4NCL)"]
[Site "England"]
[Date "2007.11.25"]
[Round "4.1"]
[White "Shaw, Matthew H"]
[Black "Wagner, Guy"]
[Result "1-0"]
[WhiteElo "1935"]
[BlackElo "1818"]
[PlyCount "63"]
[EventDate "2007.09.15"]
[EventType "team-swiss"]
[EventRounds "11"]
[EventCountry "ENG"]
[SourceTitle "EXT 2009"]
[Source "ChessBase"]
[SourceDate "2008.11.26"]
[SourceVersion "1"]
[SourceVersionDate "2008.11.26"]
[SourceQuality "1"]
[WhiteTeam "Guildford V"]
[BlackTeam "Celtic Tigers II"]
[WhiteTeamCountry "ENG"]
[BlackTeamCountry "ENG"]

1. e4 e6 2. d4 d5 3. Nd2 Nf6 4. e5 Nfd7 5. Bd3 c5 6. c3 Nc6 7. Ne2 cxd4 8. cxd4 f6 9. Nf4 Nxd4 10. Qh5+ Ke7 11. Ng6+ hxg6 12. exf6+ Kxf6 13. Qxh8 Kf7 14. 0-0 Be7 15. Qxd8 Bxd8 16. Nb3 Nxb3 17. axb3 Nc5 18. Bc2 Bf6 19. b4 Na6 20. Bd2 Bxb2 21. Ra2 Bd4 22. Rc1 Bb6 23. Bd3 e5 24. Rac2 Be6 25. b5 Nb8 26. Be3 d4 27. Bg5 Nd7 28. Be4 Rb8 29. Kf1 Nf6 30. f3 Nxe4 31. fxe4 Bd7 32. Rb1 1-0

[Event "BCF-chT4 0708 (4NCL)"]
[Site "England"]
[Date "2007.11.24"]
[Round "3.1"]
[White "Cork, David J"]
[Black "Shaw, Matthew H"]
[Result "0-1"]
[WhiteElo "2026"]
[BlackElo "1935"]
[PlyCount "48"]
[EventDate "2007.09.15"]
[EventType "team-swiss"]
[EventRounds "11"]
[EventCountry "ENG"]
[SourceTitle "EXT 2009"]
[Source "ChessBase"]
[SourceDate "2008.11.26"]
[SourceVersion "1"]
[SourceVersionDate "2008.11.26"]
[SourceQuality "1"]
[WhiteTeam "Conquistadors II"]
[BlackTeam "Guildford V"]
[WhiteTeamCountry "ENG"]
[BlackTeamCountry "ENG"]

1. e4 e6 2. d4 d5 3. Nc3 Nf6 4. Bg5 Be7 5. e5 Nfd7 6. Bxe7 Qxe7 7. f4 0-0 8. Nf3 c5 9. Bd3 f6 10. dxc5 Nc6 11. exf6 Qxf6 12. Ng5 Qxf4 13. Bxh7+ Kh8 14. Qh5 Nf6 15. Nf7+ Rxf7 16. Qxf7 Qe3+ 17. Ne2 Kxh7 18. Rd1 Ne5 19. Qf8 Bd7 20. Qxa8 Bb5 21. c4 Bxc4 22. Rd2 Ne4 23. Rc2 Nd3+ 24. Kd1 Nef2# 0-1

[Event "BCF-chT4 0708 (4NCL)"]
[Site "England"]
[Date "2007.10.28"]
[Round "2.1"]
[White "Shaw, Matthew H"]
[Black "Ozeren, Kemal"]
[Result "1/2-1/2"]
[WhiteElo "1935"]
[BlackElo "2312"]
[PlyCount "73"]
[EventDate "2007.09.15"]
[EventType "team-swiss"]
[EventRounds "11"]
[EventCountry "ENG"]
[SourceTitle "EXT 2009"]
[Source "ChessBase"]
[SourceDate "2008.11.26"]
[SourceVersion "1"]
[SourceVersionDate "2008.11.26"]
[SourceQuality "1"]
[WhiteTeam "Guildford V"]
[BlackTeam "Oxford II"]
[WhiteTeamCountry "ENG"]
[BlackTeamCountry "ENG"]

1. e4 c6 2. d4 d5 3. exd5 cxd5 4. c4 Nf6 5. Nc3 e6 6. Nf3 Bb4 7. a3 Bxc3+ 8. bxc3 0-0 9. Bd3 dxc4 10. Bxc4 Qc7 11. Qb3 Nbd7 12. 0-0 b6 13. Be2 Bb7 14. Bb2 Qf4 15. c4 Ng4 16. Bc1 Qc7 17. g3 Rac8 18. Bf4 e5 19. Nxe5 Ngxe5 20. dxe5 Nxe5 21. f3 Rfe8 22. Rad1 Qc6 23. Rd5 Ng6 24. Be3 Qe6 25. Rd3 Ne5 26. Rc3 Qh3 27. Rf2 Rcd8 28. Bf4 Nxf3+ 29. Rcxf3 Rxe2 30. Rxe2 Bxf3 31. Qd3 Qg2+ 32. Rxg2 Rxd3 33. Rd2 Rxd2 34. Bxd2 Be2 35. c5 b5 36. Kf2 Bg4 37. Ke3 1/2-1/2

[Event "BCF-chT4 0708 (4NCL)"]
[Site "England"]
[Date "2007.10.27"]
[Round "1.1"]
[White "Sully, David John"]
[Black "Shaw, Matthew H"]
[Result "1-0"]
[WhiteElo "2135"]
[BlackElo "1935"]
[PlyCount "47"]
[EventDate "2007.09.15"]
[EventType "team-swiss"]
[EventRounds "11"]
[EventCountry "ENG"]
[SourceTitle "EXT 2009"]
[Source "ChessBase"]
[SourceDate "2008.11.26"]
[SourceVersion "1"]
[SourceVersionDate "2008.11.26"]
[SourceQuality "1"]
[WhiteTeam "Pontypridd"]
[BlackTeam "Guildford V"]
[WhiteTeamCountry "ENG"]
[BlackTeamCountry "ENG"]

1. e4 d6 2. d4 Nf6 3. Nc3 g6 4. g3 Bg7 5. Bg2 0-0 6. Nge2 c5 7. h3 Nc6 8. d5 Ne5 9. 0-0 e6 10. f4 Nc4 11. dxe6 fxe6 12. Qd3 Nb6 13. a4 a5 14. Be3 c4 15. Qd2 d5 16. e5 Ne8 17. g4 Bh6 18. Ng3 Bd7 19. f5 Bxe3+ 20. Qxe3 gxf5 21. gxf5 exf5 22. Nxd5 f4 23. Nxf4 Bxa4 24. Ne6 1-0

[Event "BCF-chT4 0607 (4NCL)"]
[Site "Sunningdale"]
[Date "2006.12.02"]
[Round "3.1"]
[White "Shaw, Matthew H"]
[Black "Lloyd, Alan D"]
[Result "0-1"]
[WhiteElo "1920"]
[BlackElo "2120"]
[PlyCount "60"]
[EventDate "2006.09.16"]
[EventType "team-tourn"]
[EventRounds "11"]
[EventCountry "ENG"]
[SourceTitle "EXT 2008"]
[Source "ChessBase"]
[SourceDate "2007.11.25"]
[SourceVersion "1"]
[SourceVersionDate "2007.11.25"]
[SourceQuality "1"]
[WhiteTeam "Guildford V"]
[BlackTeam "Warwicks Select II"]
[WhiteTeamCountry "ENG"]
[BlackTeamCountry "ENG"]

1. e4 c5 2. Nf3 d6 3. d4 cxd4 4. Nxd4 Nf6 5. Nc3 Nc6 6. Bg5 Bd7 7. Qd2 Rc8 8. Be2 Nxd4 9. Qxd4 Qa5 10. Bxf6 gxf6 11. 0-0 Rg8 12. f4 f5 13. Bd3 Bg7 14. Qe3 Bxc3 15. bxc3 fxe4 16. Bxe4 Rxc3 17. Qd2 Bc6 18. Bxc6+ bxc6 19. Rab1 Qc5+ 20. Qf2 Rxg2+ 21. Kxg2 Rxc2 22. Rb8+ Kd7 23. Qxc2 Qxc2+ 24. Rf2 Qe4+ 25. Kg3 Qe3+ 26. Rf3 Qg1+ 27. Kh3 f5 28. Rg3 Qf1+ 29. Rg2 e5 30. fxe5 f4 0-1

[Event "BCF-chT4 0506 (4NCL)"]
[Site "West Bromwich"]
[Date "2005.12.03"]
[Round "3.4"]
[White "Lowry O'Reilly, Hannah"]
[Black "Shaw, Matthew H"]
[Result "0-1"]
[WhiteElo "1790"]
[BlackElo "1815"]
[PlyCount "44"]
[EventDate "2005.11.05"]
[EventType "team-tourn"]
[EventRounds "11"]
[EventCountry "ENG"]
[SourceTitle "CBM 109 Extra"]
[Source "ChessBase"]
[SourceDate "2006.01.03"]
[SourceVersion "2"]
[SourceVersionDate "2006.01.03"]
[SourceQuality "1"]
[WhiteTeam "SC Stars"]
[BlackTeam "Guildford V"]
[WhiteTeamCountry "ENG"]
[BlackTeamCountry "ENG"]

1. d4 Nf6 2. c4 g6 3. Nc3 Bg7 4. e3 d6 5. Bd3 0-0 6. Nf3 c5 7. d5 e6 8. 0-0 exd5 9. Nxd5 Nc6 10. e4 h6 11. Rb1 Bg4 12. Be3 Ne5 13. Re1 Nxd5 14. exd5 Nxd3 15. Qxd3 Bf5 16. Qd2 Bxb1 17. Rxb1 g5 18. h4 g4 19. Bxh6 gxf3 20. gxf3 Qxh4 21. Bxg7 Kxg7 22. Kg2 Rh8 0-1